Tomas y ataques guerrilleros : (Registro nro. 3939)
[ vista simple ]
| 000 -LEADER | |
|---|---|
| fixed length control field | 01746nam a2200325Ia 4500 |
| 003 - CONTROL NUMBER IDENTIFIER | |
| control field | OSt |
| 005 - DATE AND TIME OF LATEST TRANSACTION | |
| control field | 20200420172230.0 |
| 008 - FIXED-LENGTH DATA ELEMENTS--GENERAL INFORMATION | |
| fixed length control field | 191128s2016 ck adobgr 001 0dspa d |
| 020 ## - INTERNATIONAL STANDARD BOOK NUMBER | |
| International Standard Book Number | 9789588944395 |
| 040 ## - CATALOGING SOURCE | |
| Original cataloging agency | CO-JMCR |
| Transcribing agency | CO-JMCR |
| 041 0# - LANGUAGE CODE | |
| Language code of text/sound track or separate title | spa |
| 082 04 - DEWEY DECIMAL CLASSIFICATION NUMBER | |
| Classification number | 303.609861 / |
| Item number | A283t |
| 100 1# - MAIN ENTRY--PERSONAL NAME | |
| Personal name | Aguilera Peña, José Mario, |
| Relator term | autor |
| 9 (RLIN) | 1571 |
| 245 10 - TITLE STATEMENT | |
| Title | Tomas y ataques guerrilleros : |
| Remainder of title | (1965-2013) / |
| Statement of responsibility, etc. | José Mario Aguilera Peña, Alba Lucía Vargas Alfonso, Luisa Marulanda Gómez, Luis Fernando Sánchez |
| 250 ## - EDITION STATEMENT | |
| Edition statement | Primera edición |
| 260 ## - PUBLICATION, DISTRIBUTION, ETC. | |
| Place of publication, distribution, etc. | Bogotá : |
| Name of publisher, distributor, etc. | Centro de Memoria Histórica, |
| Date of publication, distribution, etc. | 2016. |
| 300 ## - PHYSICAL DESCRIPTION | |
| Extent | 495 páginas : |
| Other physical details | gráficas, fotografías, mapas, tablas a color ; |
| Dimensions | 23 cm. |
| 490 1# - SERIES STATEMENT | |
| Series statement | Informes de investigación |
| 504 ## - BIBLIOGRAPHY, ETC. NOTE | |
| Bibliography, etc. note | Bibliografía: paginas 457-495. |
| 505 ## - FORMATTED CONTENTS NOTE | |
| Formatted contents note | Tomas y ataques guerrilleros: precisiones conceptuales y metológicas --Incursiones guerrilleras en cabeceras municipales y centros poblados (1965-2013)--Las dimensiones de la victimización -- Pueblos en resistencias--Memoria de víctimas, héroes y mártires |
| 520 ## - SUMMARY, ETC. | |
| Summary, etc. | El presente informe es el primero en abordar el tema de las tomas y ataques guerrilleros de manera sistemática y desde una perspectiva temporal amplia, que va de 1965 a 2013, es decir desde sus primeras expresiones en los orígenes de las guerrillas. |
| 650 14 - SUBJECT ADDED ENTRY--TOPICAL TERM | |
| Topical term or geographic name entry element | Violencia |
| General subdivision | Historia |
| Geographic subdivision | Colombia |
| 9 (RLIN) | 1572 |
| 650 24 - SUBJECT ADDED ENTRY--TOPICAL TERM | |
| Topical term or geographic name entry element | Violencia |
| General subdivision | Guerrillas |
| Chronological subdivision | Siglos XX -XXI |
| 9 (RLIN) | 1573 |
| 650 24 - SUBJECT ADDED ENTRY--TOPICAL TERM | |
| Topical term or geographic name entry element | Historia |
| General subdivision | Emboscadas (Táctica militar) |
| Chronological subdivision | Siglos XX-XXI |
| Geographic subdivision | Colombia |
| 9 (RLIN) | 1574 |
| 700 1# - ADDED ENTRY--PERSONAL NAME | |
| Personal name | Vargas Alfonso, |
| Relator term | autor |
| 9 (RLIN) | 1575 |
| 700 1# - ADDED ENTRY--PERSONAL NAME | |
| Personal name | Alba Lucía, |
| Relator term | autora |
| 9 (RLIN) | 1576 |
| 700 1# - ADDED ENTRY--PERSONAL NAME | |
| Personal name | Marulanda Gómez, Luisa, |
| Relator term | autora |
| 9 (RLIN) | 1577 |
| 700 1# - ADDED ENTRY--PERSONAL NAME | |
| Personal name | Sánchez, Luis Fernando, |
| Relator term | autor |
| 9 (RLIN) | 1578 |
| 942 ## - ADDED ENTRY ELEMENTS (KOHA) | |
| Source of classification or shelving scheme | Dewey Decimal Classification |
| Koha item type | Books |
| Withdrawn status | Lost status | Source of classification or shelving scheme | Materials specified (bound volume or other part) | Damaged status | Not for loan | Home library | Current library | Shelving location | Date acquired | Source of acquisition | Cost, normal purchase price | Total Checkouts | Full call number | Barcode | Date last seen | Copy number | Price effective from | Koha item type |
|---|---|---|---|---|---|---|---|---|---|---|---|---|---|---|---|---|---|---|
| Dewey Decimal Classification | Donación--10/04/2018-- | Biblioteca Pública José María del Castillo y Rada | Biblioteca Pública José María del Castillo y Rada | General Stacks | 11/28/2019 | Donación | 0.00 | 303 .609861 / A283t | 201808738 | 05/16/2024 | Ej.1 | 11/28/2019 | Books |